Statistiques concernant Les Enfoirés

Cliquez ici pour prendre le quiz!

Statistiques générales

  • Ce quiz a été pris 80 fois
  • Le résultat moyen est 72 sur 272

Statistiques - réponses

HintRéponse% Correct
ZZaz
80%
GJean-Jacques Goldman
78%
ZZazie
78%
BAmel Bent
73%
FPatrick Fiori
73%
BPatrick Bruel
70%
JJenifer
68%
SSoprano
68%
CColuche
63%
HJohnny Hallyday
60%
MMimie Mathy
58%
OPascal Obispo
58%
CSébastien Chabal
58%
AAlizée
55%
WChristophe Willem
55%
DDidier Deschamps
55%
MKylian Mbappé
55%
PM.Pokora
55%
LNolwenn Leroy
55%
SShy'm
55%
SSlimane
55%
VVitaa
55%
DCéline Dion
53%
AJean-Louis Aubert
53%
MKad Merad
53%
LMichèle Laroque
53%
RMuriel Robin
53%
PPierre Palmade
53%
ZZinédine Zidane
53%
MChristophe Maé
50%
KClaire Keim
50%
FElodie Fontan
50%
PFlorent Pagny
50%
CFrancis Cabrel
50%
GGarou
50%
MJean-Baptiste Maunier
50%
CJulien Clerc
50%
GKendji Girac
50%
LPhilippe Lacheau
50%
TTal
50%
VVianney
50%
JGérard Jugnot
48%
PLorie Pester
48%
YMichaël Youn
48%
BTarek Boudali
48%
AAmir
45%
AAry Abittan
45%
CCalogero
45%
FLara Fabian
45%
FLiane Foly
45%
MMaurane
45%
BBénabar
43%
HDavid Hallyday
43%
MMC Solaar
43%
JMichael Jones
43%
SMichel Sardou
43%
RRenaud
43%
SVéronique Sanson
43%
SAlain Souchon
40%
LCatherine Lara
40%
CClaudio Capéo
40%
BDany Boon
40%
AJulien Arruti
40%
VLaurent Voulzy
40%
LMarc Lavoine
40%
LMaxime LeForestier
40%
MMika
40%
SNatasha St Pier
40%
BBlack M
38%
MEddy Mitchell
38%
SHélène Ségara
38%
ZJulie Zenatti
38%
MMentissa
38%
CNicolas Canteloup
38%
BChimène Badi
35%
NIsabelle Nanty
35%
LLââm
35%
GMarie-Agnès Gillot
35%
LRenan Luce
35%
DThomas Dutronc
35%
NYannick Noah
35%
SAnne Sila
33%
EGad Elmaleh
33%
GGrégoire
33%
DJacques Dutronc
33%
JJoyce Jonathan
33%
KPatricia Kaas
33%
ESofia Essaïdi
33%
PVanessa Paradis
33%
CAlain Chabat
30%
DArnaud Ducret
30%
BCarla Bruni
30%
CCorneille
30%
MEmmanuel Moire
30%
GFrance Gall
30%
DGérald de Palmas
30%
RInès Reg
30%
BJosiane Balasko
30%
AKev Adams
30%
RRaphaël
30%
IZlatan Ibrahimovic
30%
DAntoine Dupont
28%
BAxel Bauer
28%
LBixente Lizarazu
28%
LCamille Lacourt
28%
SElie Semoun
28%
DEtienne Daho
28%
DGérard Darmon
28%
LLouane
28%
WOphélie Winter
28%
TPatrick Timsit
28%
LSerge Lama
28%
PThomas Pesquet
28%
ATina Arena
28%
FCarole Fredericks
25%
TClaudia Tagbo
25%
LDaniel Lévi
25%
BJane Birkin
25%
FJérémy Frérot
25%
KSandrine Kiberlain
25%
SSanta
25%
YYcare
25%
ACharles Aznavour
23%
BEmmanuelle Béart
23%
FFaudel
23%
RFranck Ribéry
23%
RGaëtan Roussel
23%
BIsabelle Boulay
23%
PJeff Panacloc
23%
MKaren Mulder
23%
SPatrick Sébastien
23%
LYves Lecoq
23%
AAnggun
20%
LChantal Lauby
20%
GCharlotte Gainsbourg
20%
PEmmanuel Petit
20%
RGuy Roux
20%
BLaurent Blanc
20%
MMaëlle
20%
BMichel Blanc
20%
PMichel Platini
20%
CRenaud Capuçon
20%
LSébastien Loeb
20%
LThierry Lhermitte
20%
BAlain Bernard
18%
LAlain Lanty
18%
PAlice Pol
18%
CBernard Campan
18%
DCatherine Deneuve
18%
KChristian Karembeu
18%
BDany Brillant
18%
DDave
18%
BDidier Bourdon
18%
DDieudonné
18%
FDominique Farrugia
18%
LElsa Lunghini
18%
VEric Vu-An
18%
LGermain Louvet
18%
BJean-Marie Bigard
18%
BKarim Benzema
18%
BMalik Bentalha
18%
LPascal Légitimus
18%
LPhilippine Lavrey
18%
HRenaud Hantson
18%
VRoch Voisine
18%
SSmaïn
18%
JAimé Jacquet
15%
BAlain Boghossian
15%
LAmaury Leveaux
15%
RAxelle Red
15%
JCamélia Jordana
15%
DChristophe Dugarry
15%
DDavid Douillet
15%
DDiane Dufresne
15%
DDoc Gynéco
15%
KElie Kakou
15%
OEsteban Ocon
15%
LEstelle Lefébure
15%
BFabien Barthez
15%
LFrank Leboeuf
15%
DFrédéric Diefenthal
15%
AHugues Aufray
15%
BJean-Claude Brialy
15%
ILes Inconnus
15%
MMarc Moreau
15%
DMichel Drucker
15%
MMireille Mathieu
15%
NNâdiya
15%
BNathalie Baye
15%
CPatrick Chesnais
15%
DPatrick Dupond
15%
BRomane Bohringer
15%
DVéronic Dicaire
15%
MYves Montand
15%
DAlain Delon
13%
TAlice Taglioni
13%
HAmandine Henry
13%
CAnnie Cordy
13%
BBasile Boli
13%
BCarole Bouquet
13%
CCaroline Cellier
13%
NClaire Nadeau
13%
GCoumba Gawlo
13%
LFabrice Luchini
13%
AFanny Ardant
13%
CGrégory Coupet
13%
II Muvrini
13%
GJean-Marc Généreux
13%
BJocelyne Béroard
13%
GJosé Garcia
13%
CLaëtitia Casta
13%
ILes Innocents
13%
NLes Nuls
13%
TLilian Thuram
13%
LMartin Lamotte
13%
FMichel Fugain
13%
PPaul Personne
13%
PPow Wow
13%
PPrincess Erika
13%
ARichard Anconina
13%
BRichard Berry
13%
ASalvatore Adamo
13%
SYves Simon
13%
DArielle Dombasle
10%
ADan Ar Braz
10%
CEric Cantona
10%
GFabien Gilot
10%
DFrançois Damiens
10%
BGilbert Bécaud
10%
NHelena Noguerra
10%
DJean d'Ormesson
10%
RJean Reno
10%
NKhadja Nin
10%
KKhaled
10%
BLaurent Baffie
10%
PLuc Plamondon
10%
GMaryse Gildas
10%
FMia Frye
10%
MNana Mouskouri
10%
NNative
10%
JPatrick Juvet
10%
KPeter Kingsbery
10%
LPhilippe Lavil
10%
CRichard Cocciante
10%
PTony Parker
10%
AYannick Agnel
10%
DYvon Demol
10%
FClaire Francisci-Ducret
8%
DDaniela de Jesus Cosio
8%
RDick Rivers
8%
EEmile et Images
8%
CMarius Colucci
8%
BMonica Bellucci
8%
OOffenbach
8%
DPauline Déroulède
8%
LPauline Lefévre
8%
RRébecca
8%
RSerge Reggiani
8%
MSophie Marceau
8%
CVincent Chaillet
8%
GBafétimbi Gomis
5%
BBoulevard des Airs
5%
FFrédéric François
5%
MJean-Jacques Milteau
5%
GMichael Goldman
5%
LMichel Leeb
5%
EStephan Eicher
5%
TTitoff
5%
TTonton David
5%
LValérie Lemercier
5%
VJacques Veneruso
3%
NNorman
0%

Distribution des résultats

Percentile par nombre de réponses

% des personnes avec chaque résultat

Votre développement - résultats

Vous n’avez pas pris ce quiz